Problémy evidencie a účtovania dane z príjmov fyzickej osoby v Slovenskej republike
Možnosti výpočtu základu dane z príjmov. Výpočet základu dane z príjmov uplatnením paušálnych výdavkov. Výpočet základu dane z príjmov na báze jednoduchého účtovníctva.
Salvato in:
| Autore principale: | |
|---|---|
| Natura: | Capitolo di libro |
| Lingua: | slovacco |
| Soggetti: | |
| Tags: |
Nessun Tag, puoi essere il primo ad aggiungerne!!
|
MARC
| LEADER | 00000naa$a2200000$$$4500 | ||
|---|---|---|---|
| 001 | 0037670 | ||
| 005 | 20240502071456.5 | ||
| 041 | 0 | |a slo | |
| 044 | |a SK | ||
| 245 | 1 | 0 | |a Problémy evidencie a účtovania dane z príjmov fyzickej osoby v Slovenskej republike |c Sylvia Kastlerová |
| 520 | |a Možnosti výpočtu základu dane z príjmov. Výpočet základu dane z príjmov uplatnením paušálnych výdavkov. Výpočet základu dane z príjmov na báze jednoduchého účtovníctva. | ||
| 610 | 2 | 0 | |a dane z príjmov |
| 610 | 2 | 0 | |a dane paušálne |
| 610 | 2 | 0 | |a základ dane |
| 610 | 2 | 0 | |a účtovanie |
| 610 | 2 | 0 | |a osoby fyzické |
| 610 | 2 | 0 | |a výdavky daňové |
| 610 | 2 | 0 | |a Slovensko |
| 100 | 1 | |a Kastlerová, Sylvia | |